000 00404nam a22001457a 4500
999 _c370848
_d370848
005 20210928085046.0
008 210927b ||||| |||| 00| 0 eng d
040 _cDE-2950
_dDE-2950
041 _ager
245 _aTOP Magazin Brandenburg
260 _aBerlin:
_bTMM TOP Brandenburg Marketing und Medien Verwaltungs GmbH
500 _a2007-2010 unvollständig
546 _adeutsch
942 _2z
_cZS